Modern economics (Record no. 29536)

MARC details
000 -LEADER
fixed length control field 00247nam a2200109Ia 4500
082 ## - DEWEY DECIMAL CLASSIFICATION NUMBER
Classification number 033
Item number PEN
100 ## - MAIN ENTRY--AUTHOR NAME
Personal name PEN, J
245 #0 - TITLE STATEMENT
Title Modern economics
260 ## - PUBLICATION, DISTRIBUTION, ETC. (IMPRINT)
Place of publication England
Name of publisher Penguin
Year of publication 1965
942 ## - ADDED ENTRY ELEMENTS (KOHA)
Koha item type Books
Holdings
Withdrawn status Lost status Damaged status Not for loan Home library Current library Date acquired Full call number Accession Number Koha item type
        RRII Library RRII Library 16/12/2021 033 PEN 10122 Books